| 000 | 01935nam a22002657a 4500 | ||
|---|---|---|---|
| 999 |
_c58477 _d58477 |
||
| 003 | Ge_BSU | ||
| 005 | 20220325105534.0 | ||
| 008 | 220325s2018 ge ||||| |||| 00| 0 geo d | ||
| 020 | _a1987-9288 | ||
| 041 | _ageo | ||
| 080 | _a001(479.22)(058) წ-35 | ||
| 245 |
_aწელიწდეული : X : _bეძღვნება ქართველ საზოგადო მოღვაწეს, ქუთაისის საჯარო ბიბლიოთეკის დამაარსებელს - ანტონ ლორთქიფანიძეს / _c ქუთაისის ილია ჭავჭავაძის სახელობის საჯარო ბიბლიოთეკა ; სარედ. საბჭო იოსებ ასათიანი, ნომადი ბართაია ; პროექტის დირექტ. გრიგოლ ქობალიანი. |
||
| 264 |
_aქუთაისი, _c2018. |
||
| 300 |
_a254 გვ. _b24 სმ. |
||
| 500 | _aპარალ. სათ. ინგლ. | ||
| 504 | _aბიბლიოგრ. თავების ბოლოს | ||
| 653 | _aანტონ ლორთქიფანიძის მოღვაწეობა | ||
| 653 | _aწელიწდეული | ||
| 700 |
_aასათიანი, იოსებ _eრედაქტორი _980 |
||
| 700 |
_aბაგრატაია, ნომადი _eრედაქტორი _981 |
||
| 700 |
_aქობალიანი, გრიგოლ _eპროექტის დირექტორი _913620 |
||
| 710 |
_a ქუთაისის ილია ჭავჭავაძის სახელობის საჯარო ბიბლიოთეკა _913621 |
||
| 856 |
_uhttps://dspace.nplg.gov.ge/bitstream/1234/317874/1/Celicdeuli_10.pdf _yელ. ვერსია. pdf |
||
| 942 |
_2udc _cBK |
||